The moral dimensions of teaching

Αποθηκεύτηκε σε:
Λεπτομέρειες βιβλιογραφικής εγγραφής
Άλλοι συγγραφείς: Goodlad, John I. (Επιμελητής έκδοσης), Soder, Roger 1943- (Επιμελητής έκδοσης), Sirotnik, Kenneth A. (Επιμελητής έκδοσης)
Μορφή: Βιβλίο
Γλώσσα:English
Δημοσίευση: San Francisco : Jossey-Bass, 1990
Σειρά:Jossey-Bass in higher education series
Θέματα:
Ετικέτες: Προσθήκη ετικέτας
Δεν υπάρχουν, Καταχωρήστε ετικέτα πρώτοι!

MARC

LEADER 00000nam a2200000 i 4500
001 1/77779
008 980202s1990 eng d
020 |a 1-55542-199-7 
035 |a 1997  |b 3  |c Αγορά/Χατζηγεωργίου  |l 10032753 
040 |a GR-MY-UA  |b gre  |e aacr 
041 0 |a eng 
082 0 |a 174.9372 
245 1 4 |a The moral dimensions of teaching /  |c John I. Goodlad, Roger Soder, Kenneth A. Sirotnik editors 
260 |a San Francisco :   |b Jossey-Bass,   |c 1990 
300 |a 340 p. 
490 1 |a Jossey-Bass in higher education series 
650 0 0 |a Teachers  |x Professional ethics  |z United States. 
650 0 0 |a Moral education  |z United States. 
700 1 |a Goodlad, John I.  |4 edt 
700 1 |a Soder, Roger  |d 1943-  |4 edt 
700 1 |a Sirotnik, Kenneth A.  |4 edt 
830 0 |a Jossey-Bass in higher education series 
852 |a INST  |b RHODES  |e 19980202  |h 174.9372 MOR  |p 005400011273  |q 005400011273  |t BK  |y 0 
901 |a BIBL-1998-1 
909 |a Ρ  |b 052659  |c 1997